ბათუმის შოთა რუსთაველის სახელმწიფო უნივერსიტეტის ბიბლიოთეკა

Einführung in die Übersetzungswissenschaft. 8. neubearbeitete Auflage : (ბიბ.ჩანაწერი № 55666)

000 -LEADER
fixed length control field 00840nam a2200253Ia 4500
001 - CONTROL NUMBER
control field 22761
003 - CONTROL NUMBER IDENTIFIER
control field GE_BSU
005 - DATE AND TIME OF LATEST TRANSACTION
control field 20220525102716.0
008 - FIXED-LENGTH DATA ELEMENTS--GENERAL INFORMATION
fixed length control field 181216s||||||||xx |||||||||||||| ||und||
020 ## - INTERNATIONAL STANDARD BOOK NUMBER
International Standard Book Number 9783825235208
040 ## - CATALOGING SOURCE
Transcribing agency GE_BSU
080 ## - UNIVERSAL DECIMAL CLASSIFICATION NUMBER
Universal Decimal Classification number 81'25
100 ## - MAIN ENTRY--PERSONAL NAME
Personal name Koller,Werner
9 (RLIN) 13833
245 ## - TITLE STATEMENT
Title Einführung in die Übersetzungswissenschaft. 8. neubearbeitete Auflage :
Remainder of title Unter mitarbeit von Kjetil Berg Henjum /
Statement of responsibility, etc. Werner Koller.
264 ## - PRODUCTION, PUBLICATION, DISTRIBUTION, MANUFACTURE, AND COPYRIGHT NOTICE
Place of production, publication, distribution, manufacture Tubingen :
Name of producer, publisher, distributor, manufacturer Francke Verlag,
Date of production, publication, distribution, manufacture, or copyright notice 2011.
300 ## - PHYSICAL DESCRIPTION
Extent 349 p. ;
Other physical details 22 cm.
522 ## - GEOGRAPHIC COVERAGE NOTE
Geographic coverage note Bibl. p.: 307-329
653 ## - INDEX TERM--UNCONTROLLED
keyword Einführung in die Übersetzungswissenschaft
653 ## - INDEX TERM--UNCONTROLLED
keyword neubearbeitete Auflage
653 ## - INDEX TERM--UNCONTROLLED
keyword Unter mitarbeit von Kjetil Berg Henjum
653 ## - INDEX TERM--UNCONTROLLED
keyword Теория переводов
653 ## - INDEX TERM--UNCONTROLLED
keyword თარგმნის თეორია
942 ## - ADDED ENTRY ELEMENTS (KOHA)
Koha item type წიგნი
Source of classification or shelving scheme
ეგზემპლარები
Withdrawn status Lost status Source of classification or shelving scheme Damaged status Not for loan Permanent Location Current Location Shelving location Date acquired Cost, normal purchase price Full call number Barcode Date last seen Copy number Price effective from Koha item type Public note
          ბათუმის შოთა რუსთაველის სახელმწიფო უნივერსიტეტის მთავარი ბიბლიოთეკა ბათუმის შოთა რუსთაველის სახელმწიფო უნივერსიტეტის მთავარი ბიბლიოთეკა წიგნსაცავი 2018-12-17 90.00 81'25 K-70 58265 2018-12-17 58265 2018-12-17 წიგნი 90 ლ.